Die Druckgraphik von Wilhelm Lehmbruck : Verzeichnis /

Saved in:
Bibliographic Details
Main Author: Lehmbruck, Wilhelm, 1881-1919.
Other Authors: Petermann, Erwin.
Format: Book
Language:German
Published: Stuttgart : G. Hatje, c1964.
Subjects:
Tags: Add Tag
No Tags, Be the first to tag this record!
LEADER 00836cam a2200229Ia 4500
001 005307705-9
005 20020606095253.2
008 820112s1964 gw a 001 0 ger d
035 0 |a ocm08057882 
040 |a TXH  |c TXH  |d OCL  |d HFL 
050 4 |a NE654.L43  |b A43 
100 1 |a Lehmbruck, Wilhelm,  |d 1881-1919. 
245 1 4 |a Die Druckgraphik von Wilhelm Lehmbruck :  |b Verzeichnis /  |c Erwin Petermann. 
260 |a Stuttgart :  |b G. Hatje,  |c c1964. 
300 |a xxxvi p., 183, 17 leaves of plates :  |b ill. ;  |c 31 cm. 
500 |a Includes index. 
504 |a Bibliography: p. xxxiii-xxxiv. 
600 1 0 |a Lehmbruck, Wilhelm,  |d 1881-1919. 
700 1 |a Petermann, Erwin. 
776 0 8 |i Online version:  |a Lehmbruck, Wilhelm, 1881-1919.  |t Druckgraphik von Wilhelm Lehmbruck.  |d Stuttgart : G. Hatje, ©1964  |w (OCoLC)629912258 
988 |a 20020608 
906 |0 OCLC